| 000 | 01581nam a2200229 a 4500 | ||
|---|---|---|---|
| 001 | BRL_1624 | ||
| 005 | 20190320211308.0 | ||
| 008 | 140414s1957----mx-a######---#000-0#spa-# | ||
| 041 | _aspa | ||
| 044 | _amx | ||
| 050 | 4 |
_aF1386.13 _b.R58 1957 |
|
| 100 | 1 |
_aRivera Cambas, Manuel _d1840-1917 _927477 |
|
| 245 | 1 | 0 |
_aMéxico pintoresco, artístico y monumental _bvistas, descripción, anecdotas y episodios de los lugares más notables de la capital y de los estados, aún de las poblaciones cortas, pero de importancia geográfica ó histórica _carreglada y escrita por Manuel Rivera Cambas. |
| 260 |
_aMéxico _bEditora Nacional _c1957 |
||
| 300 |
_a3 v. _bil. _c24 cm. |
||
| 500 | _aObra ilustrada con gran número de hermosas litografías, representando las iglesias, plazas y calles principales, fuentes, cementerios con sus más notables sepulcros; paseos, hospicios y hospitales; obras del desagüe; trabajos artísticos, estátuas, monumentos antiguos y modernos; ex-conventos; trajes nacionales: costumbres mexicanas; paisajes pintorescos; lugares célebres en nuestras revoluciones; grutas y cascadas; ferrocarriles con las vistas de las estaciones, de los muelles y faros; fortalezas, presidios, penitenciarías; ruinas existentes; acueductos, puentes y todo cuanto pueda señalar el grado de nuestro adelanto y el aspecto físico, moral e intelectual de la República | ||
| 500 | _av.1 Au1885, v.2 Au1883, v.3 Au1884 | ||
| 651 | 4 |
_aMéxico _xDescripción y viajes _9103 |
|
| 651 | 4 |
_aCiudad de México _xDescripción y viajes _92418 |
|
| 902 | _aGRL | ||
| 942 |
_2lcc _cB |
||
| 999 |
_c10433 _d10433 |
||